书目信息 |
| 题名: |
现代经济学大典
|
|
| 作者: | 洪银兴 总主编 ;李子奈 , 史代敏 主编 | |
| 分册: | 计量经济学分册 | |
| 出版信息: | 北京 经济科学出版社 2016 |
|
| 页数: | 149页 | |
| 开本: | 25cm | |
| 丛书名: | ||
| 单 册: | ||
| 中图分类: | F0-61 , F224.0-61 | |
| 科图分类: | ||
| 主题词: | 经济学--jing ji xue--名词术语 , 计量经济学--ji liang jing ji xue--名词术语 | |
| 电子资源: | ||
| ISBN: | 978-7-5141-7119-8 | |
| 000 | 01139nam0 22003011 450 | |
| 001 | 1730327831 | |
| 005 | 20170527085541.54 | |
| 010 | @a978-7-5141-7119-8@dCNY59.00 | |
| 100 | @a20161027d2016 em y0chiy50 ea | |
| 101 | 0 | @achi@eeng |
| 102 | @aCN@b110000 | |
| 105 | @ay z 000yy | |
| 106 | @ar | |
| 200 | 1 | @a现代经济学大典@Axian dai jing ji xue da dian@i计量经济学分册@f洪银兴总主编@g李子奈,史代敏主编 |
| 210 | @a北京@c经济科学出版社@d2016 | |
| 215 | @a149页@d25cm | |
| 300 | @a国家出版基金项目 | |
| 304 | @a英文共同题名:A dictionary of modern economics | |
| 330 | @a本书涉及理论经济学和应用经济学两个一级学科门类的14个学科或领域,本册为计量经济学分册,主要内容包括:计量经济学、计量经济模型、最小二乘估计、极大似然估计、分位数回归等。 | |
| 606 | 0 | @a经济学@Ajing ji xue@x名词术语 |
| 606 | 0 | @a计量经济学@Aji liang jing ji xue@x名词术语 |
| 690 | @aF0-61@v5 | |
| 690 | @aF224.0-61@v5 | |
| 701 | 0 | @a洪银兴@Ahong yin xing@f(1950~)@4总主编 |
| 702 | 0 | @a李子奈@Ali zi nai@f(1946~)@4主编 |
| 702 | 0 | @a史代敏@Ashi dai min@f(1965~)@4主编 |
| 801 | 0 | @aCN@bTANG WEI@c20170523 |
| 905 | @b0969533-7@dF0-61@e508:2@f5 | |
| 现代经济学大典.计量经济学分册/洪银兴总主编/李子奈,史代敏主编 .-北京:经济科学出版社,2016 |
| 149页;25cm |
| 国家出版基金项目 |
| ISBN 978-7-5141-7119-8:CNY59.00 |
| 本书涉及理论经济学和应用经济学两个一级学科门类的14个学科或领域,本册为计量经济学分册,主要内容包括:计量经济学、计量经济模型、最小二乘估计、极大似然估计、分位数回归等。 |
| ● |
| 相关链接 |
|
|
|
|
正题名:现代经济学大典
索取号:F0-61/508:2
 
预约/预借
| 序号 | 登录号 | 条形码 | 馆藏地/架位号 | 状态 | 备注 |
| 1 | 0969533 | 209695338 | 第一样本阅览室/ [索取号:F0-61/508:2] | 在馆 | |
| 2 | 0969534 | 209695347 | 密集书库-海洋学院/ [索取号:F0-61/508:2] | 在馆 | |
| 3 | 0969535 | 209695356 | 第一借阅区/ [索取号:F0-61/508:2] | 在馆 | |
| 4 | 0969536 | 209695365 | 第一借阅区/ [索取号:F0-61/508:2] | 在馆 | |
| 5 | 0969537 | 209695374 | 第一借阅区/ [索取号:F0-61/508:2] | 在馆 |